INCREASING THE TEACHING EFFICACY OF A BEGINNING SPECIAL EDUCATION TEACHER USING DIFFERENTIATED INSTRUCTION: A CASE STUDY (Record no. 300475)
[ view plain ]
| 000 -LEADER | |
|---|---|
| fixed length control field | 00673nam a2200133Ia 4500 |
| 008 - FIXED-LENGTH DATA ELEMENTS--GENERAL INFORMATION | |
| fixed length control field | 160809s9999 xx 000 0 und d |
| 100 ## - MAIN ENTRY--PERSONAL NAME | |
| Personal name | Ernest, James M. |
| 245 ## - TITLE STATEMENT | |
| Title | INCREASING THE TEACHING EFFICACY OF A BEGINNING SPECIAL EDUCATION TEACHER USING DIFFERENTIATED INSTRUCTION: A CASE STUDY |
| 245 ## - TITLE STATEMENT | |
| Statement of responsibility, etc | James M. Ernest, Kelly A. Heckaman, Shirley E. Thompson, Karla M. Hull, Shannon W. Carter University of Alabama at Birmingham, Valdosta State University, David L. Rainer Elementary School. |
| 260 ## - PUBLICATION, DISTRIBUTION, ETC. (IMPRINT) | |
| Name of publisher, distributor, etc | International Journal of Special Education |
| 260 ## - PUBLICATION, DISTRIBUTION, ETC. (IMPRINT) | |
| Date of publication, distribution, etc | 2011 |
| 650 ## - SUBJECT ADDED ENTRY--TOPICAL TERM | |
| General subdivision | SPECIAL EDUCATION |
| 856 ## - ELECTRONIC LOCATION AND ACCESS | |
| Uniform Resource Identifier | <a href="http://www.internationaljournalofspecialed.com/issues.php">http://www.internationaljournalofspecialed.com/issues.php</a> |
| Withdrawn status | Lost status | Damaged status | Home library | Current library | Date acquired | Total Checkouts | Date last seen | Price effective from | Koha item type |
|---|---|---|---|---|---|---|---|---|---|
| College Library | College Library | 08/09/2016 | 08/09/2016 | 08/09/2016 | Foreign e-journal articles |